| 000 | 00500nam a2200157Ia 4500 | ||
|---|---|---|---|
| 005 | 20260629163254.0 | ||
| 008 | 260629s9999||||xx |||||||||||||| ||und|| | ||
| 020 |
_a9789381576052 _qhb |
||
| 082 |
_a823.92 _bNEE |
||
| 100 | _aNeelakantan, Anand | ||
| 245 | 0 | _aAsura : tale of the vanquished : the story of Ravana and his people | |
| 260 |
_aMumbai _bPlatinum Press an imprint of Leadstart Publishing _c2012 |
||
| 300 | _a504p. ; 22cm. | ||
| 653 | _aRavana (Hindu mythology)—Fiction | ||
| 942 | _cBK | ||
| 999 |
_c57291 _d57291 |
||